000 005560000a22001810004500
003 MACL
005 20160331153710.0
008 160331b xxu||||| |||| 00| 0 eng d
040 _aMACL
_cMACL
041 _aHindi
082 _a320
100 _aप्रो धर्मचन्‍द्र जैन
_949352
245 _aभारत में संघीय व्‍यवस्‍था
260 _bश्‍याम प्रकाश्‍न
_c1999
_aजयपुर
350 _a200
650 _aHistory
_949353
942 _cHIN
_k320
_2ddc
999 _c9756
_d9756